000 00415nam a2200181Ia 4500
005 20240823024607.0
008 240823s9999||||xx |||||||||||||| ||und||
041 _aENGLISH
082 _A333.7 P8
100 _aMahesh Rangarajan Ed.
245 0 _aEnvironmental Issues in India
250 _a1st
260 _c2008
_bPearson Lo
500 _aYES
650 _aIndia
_bGeneral
942 _cBK
999 _c184287
_d184287